000 00393 a2200085 4500
999 _c20957
_d20957
003 WA 310
005 20211214122030.0
008 211214s1997 pl a|||f u||| 000 0 pol d
020 _a8323607516
040 _aWA 310
_cWA 310
041 _apol
_heng
245 0 0 _aDopuszczalne poziomy i metody pomiarów zaburzeń radioelektrycznych wytwarzanych przez przemysłowe, medyczne i naukowe (PMN) urządzenia wielkiej częstotliwości =
_bLimits and methods of measurement of radio disturbance characteristics of industrial, scientific and medical (ISM) radio-frequency equipment (CISPR 11:1990, modified) PN-EN 55011:1997P /
_cNKP nr 104.
246 1 3 _aPN-EN 55011
246 1 3 _aICS 33.100.10
246 1 3 _aPolska Norma
246 3 1 _aLimits and methods of measurement of radio disturbance characteristics of industrial, scientific and medical (ISM) radio-frequency equipment (CISPR 11:1990, modified)
260 _aWarszawa :
_bPKN,
_c1997.
300 _a29 stron :
_bilustracje ;
_c30 cm.
336 _2rdacontent
_aTekst
_btxt
337 _2rdamedia
_aBez urządzenia pośredniczącego
_bn
338 _2rdacarrier
_aWolumin
_bnc
500 _aWprowadza EN 55011:1991, IDT ; Zastępuje PN-E-06208-01:1984, PN-E-06208-02:1984, PN-E-06208-03:1984, PN-E-06208-04:1984, PN-E-06208-05:1984, PN-E-06208-06:1984, PN-E-06208-07:1984, PN-E-06208-08:1984 ; Zatwierdzona 17 października 1997 r.
500 _aNorma Europejska EN 55011:1991 [...] ma status Polskiej Normy.
590 _6Status: wycofana ; Zastąpiona przez PN-EN 55011:2001 wersja polska.
710 _91107
_aPolska.
_bPolski Komitet Normalizacyjny.
920 _a83-236-0751-6
942 _2ddc
_cBK